| 000 | 00804nam a22002297a 4500 | ||
|---|---|---|---|
| 999 |
_c54 _d54 |
||
| 003 | AR-CdUCM | ||
| 008 | 190221b ||||| |||| 00| 0 spa d | ||
| 020 | _a9789870244271 | ||
| 040 |
_aMUNICIPALIDAD PROVINCIAL DEL CUSCO _cBIBLIOTECA MUNICIPAL DEL CUSCO |
||
| 041 | _heng. | ||
| 082 |
_a850.991 / _bB45 |
||
| 100 |
_aBianco, Gabriella _9263 |
||
| 245 | _aInfinitas lunas, infinitos soles / | ||
| 260 |
_aArgentina : _bEdit.Dunken, _c2010. |
||
| 300 |
_a72 paginas ; _c23 cm. |
||
| 505 | _aContenido: Casi silencio -- Huida --La verdad invisible -- Implacables ausencias -- Arqueología de la ausencia ... | ||
| 650 |
_aAutobiografía literaria _9264 |
||
| 650 |
_aAutobiografía poética _9265 |
||
| 700 |
_aRobert Steve Bingham (traductor) _9266 |
||
| 942 |
_2ddc _cLIBROS |
||
| 945 |
_arjall. _d2019-02-21 |
||